000
00229nam a22000857a 4500
008
160704b xxu||||| |||| 00| 0 eng d
100
_9
1921
_a
Srivastava, G
245
_a
Blooms in Disguise
260
_a
New Delhi
_b
Poonam Prakashan
_c
1997
999
_c
1623
_d
1623